000 00446nam a2200145Ia 4500
008 151015s9999 xx 000 0 und d
020 _a721687431
050 _aRM 101.C87 2001
245 _aRakel Robert E
250 _a_ Current Therapy latestapproved methods of treatment for the practicing physicians
300 _aUSA W.B Saunder 2001
500 _aIncludes index
650 _a_Medicine-practice
700 _a^d20130530 04:11:38^oanne
999 _c5003
_d5003